<?xml version="1.0" encoding="UTF-8"?>
<record
    xmlns:xsi="http://www.w3.org/2001/XMLSchema-instance"
    xsi:schemaLocation="http://www.loc.gov/MARC21/slim http://www.loc.gov/standards/marcxml/schema/MARC21slim.xsd"
    xmlns="http://www.loc.gov/MARC21/slim">

  <leader>01088nam a22002537a 4500</leader>
  <controlfield tag="005">20170124103123.0</controlfield>
  <datafield tag="010" ind1=" " ind2=" ">
    <subfield code="a">B-144050</subfield>
  </datafield>
  <datafield tag="020" ind1=" " ind2=" ">
    <subfield code="c">250.00</subfield>
    <subfield code="a">8171198104</subfield>
  </datafield>
  <datafield tag="035" ind1=" " ind2=" ">
    <subfield code="a">B-144050</subfield>
  </datafield>
  <datafield tag="037" ind1=" " ind2=" ">
    <subfield code="b">Cen Lib/Ret</subfield>
  </datafield>
  <datafield tag="040" ind1=" " ind2=" ">
    <subfield code="a">DPL</subfield>
    <subfield code="b">HN</subfield>
  </datafield>
  <datafield tag="082" ind1=" " ind2=" ">
    <subfield code="a">306</subfield>
    <subfield code="b">&#x92A;&#x91A;&#x94C;&#x930;&#x940; </subfield>
  </datafield>
  <datafield tag="100" ind1=" " ind2=" ">
    <subfield code="a">&#x92A;&#x91A;&#x94C;&#x930;&#x940;, &#x938;&#x941;&#x927;&#x940;&#x936; </subfield>
    <subfield code="9">82268</subfield>
  </datafield>
  <datafield tag="245" ind1=" " ind2=" ">
    <subfield code="a">&#x92A;&#x949;&#x92A;&#x942;&#x932;&#x930; &#x915;&#x932;&#x94D;&#x91A;&#x930; /</subfield>
    <subfield code="c">&#x938;&#x941;&#x927;&#x940;&#x936; &#x92A;&#x91A;&#x94C;&#x930;&#x940;</subfield>
  </datafield>
  <datafield tag="246" ind1=" " ind2=" ">
    <subfield code="a">Popular culture /</subfield>
    <subfield code="b">by Sudhish Pachauri </subfield>
  </datafield>
  <datafield tag="260" ind1=" " ind2=" ">
    <subfield code="b">&#x930;&#x93E;&#x927;&#x93E;&#x915;&#x943;&#x937;&#x94D;&#x923; &#x92A;&#x94D;&#x930;&#x915;&#x93E;&#x936;&#x928; </subfield>
    <subfield code="a">&#x926;&#x93F;&#x932;&#x94D;&#x932;&#x940;</subfield>
    <subfield code="c">2004</subfield>
  </datafield>
  <datafield tag="270" ind1=" " ind2=" ">
    <subfield code="b">&#x926;&#x93F;&#x932;&#x94D;&#x932;&#x940;</subfield>
    <subfield code="a">&#x91C;&#x940;-17, &#x91C;&#x917;&#x924;&#x92A;&#x941;&#x930;&#x940;</subfield>
    <subfield code="e">110092</subfield>
  </datafield>
  <datafield tag="300" ind1=" " ind2=" ">
    <subfield code="a">vi,194&#x92A;&#x943;. </subfield>
    <subfield code="c">20&#x938;&#x947;&#x92E;&#x940;(&#x938;&#x91C;&#x93F;&#x932;&#x94D;&#x926;)</subfield>
  </datafield>
  <datafield tag="650" ind1=" " ind2=" ">
    <subfield code="a">&#x92A;&#x949;&#x92A;&#x942;&#x932;&#x930; &#x915;&#x932;&#x94D;&#x91A;&#x930; -- &#x905;&#x927;&#x94D;&#x92F;&#x94D;&#x92F;&#x928; &#x915;&#x940; &#x938;&#x92E;&#x938;&#x94D;&#x92F;&#x93E;&#x90F;&#x901; </subfield>
    <subfield code="9">82269</subfield>
  </datafield>
  <datafield tag="650" ind1=" " ind2=" ">
    <subfield code="a">&#x92A;&#x949;&#x92A;&#x942;&#x932;&#x930; &#x915;&#x932;&#x94D;&#x91A;&#x930; -- &#x92D;&#x942;&#x92E;&#x902;&#x921;&#x932;&#x940;&#x915;&#x930;&#x923; </subfield>
    <subfield code="9">48332</subfield>
  </datafield>
  <datafield tag="650" ind1=" " ind2=" ">
    <subfield code="a">Popular culture - problems of study</subfield>
    <subfield code="9">82270</subfield>
  </datafield>
  <datafield tag="650" ind1=" " ind2=" ">
    <subfield code="a">Popular culture - globalization</subfield>
    <subfield code="9">82271</subfield>
  </datafield>
  <datafield tag="942" ind1=" " ind2=" ">
    <subfield code="2">ddc</subfield>
    <subfield code="c">HN</subfield>
    <subfield code="h">306</subfield>
    <subfield code="m">&#x92A;&#x91A;&#x94C;&#x930;&#x940; </subfield>
  </datafield>
  <datafield tag="999" ind1=" " ind2=" ">
    <subfield code="c">118870</subfield>
    <subfield code="d">118870</subfield>
  </datafield>
  <datafield tag="952" ind1=" " ind2=" ">
    <subfield code="0">0</subfield>
    <subfield code="1">0</subfield>
    <subfield code="4">0</subfield>
    <subfield code="7">0</subfield>
    <subfield code="a">L</subfield>
    <subfield code="b">L</subfield>
    <subfield code="d">2015-09-14</subfield>
    <subfield code="e">Cen Lib/Ret</subfield>
    <subfield code="g">250.00</subfield>
    <subfield code="l">2</subfield>
    <subfield code="o">306 &#x92A;&#x91A;&#x94C;&#x930;&#x940;</subfield>
    <subfield code="p">B-144050</subfield>
    <subfield code="r">2019-01-05 00:00:00</subfield>
    <subfield code="s">2018-12-22</subfield>
    <subfield code="t">1</subfield>
    <subfield code="v">250.00</subfield>
    <subfield code="w">2015-09-14</subfield>
    <subfield code="y">HN</subfield>
  </datafield>
</record>
